Pohár deviaty raz do ZSSR

Podrobná bibliografia
Hlavný autor: Padrta, Vladimír (Autor)
Médium: Článok
Jazyk:slovenčina
Predmet:

MARC

LEADER 00000nab a2200000 a 4500
001 vtls000351842
003 SK-MaSNL
005 20260302230035.0
008 111201c1989 xo 0 slo
015 |a SNBRB19rr/mm-uuuuu 
035 |a CL0351964 
040 |a SNKBUCL  |b slo  |c SNKBUCL  |e AACR2 
041 0 |a slo 
044 |a xo  |c SK 
080 |a 796.323.093.1  |2 1981 
100 1 |a Padrta, Vladimír  |4 aut  |9 921279 
245 1 0 |a Pohár deviaty raz do ZSSR  |c Vladimír Padrta 
650 0 7 |a basketbal  |2 snkbucl  |9 3290 
650 0 7 |a Velká cena ČSSR 1989, Žďár n. Sázavou (súťaž v basketbale)  |2 snkbucl  |9 959151 
651 7 |a 3714  |2 snkbucl  |9 924218 
655 7 |a články z novín a časopisov  |2 snkbucl  |9 267496 
773 0 |t Šport  |g Roč. 43, č. 120 (24. 5. 1989), s. 6 
850 |a Slovenská národná knižnica v Martine  |a MTA001 
852 |a SNK  |b KIS3GCP 
958 |a RK 
992 |a RBX 
999 |c 1531985  |d 1533915